Loading...
Literature - British Literature | 1 | 5 | 2 | 0 | 55 | 82 | 137.17 | 1 | 3 |
Fine Arts - Other Fine Arts | 0 | 4 | 0 | 0 | 40 | 114 | 140.50 | 0 | 0 |
Literature - World Literature | 0 | 3 | 0 | 1 | 30 | 134 | 147.33 | 0 | 0 |
Literature - European Literature | 0 | 3 | 0 | 0 | 30 | 101 | 140.00 | 0 | 0 |
Science - Chemistry | 0 | 3 | 1 | 1 | 25 | 68 | 115.00 | 0 | 1 |
Fine Arts - Visual Fine Arts | 0 | 2 | 0 | 0 | 20 | 109 | 116.50 | 0 | 0 |
Social Science | 0 | 2 | 1 | 0 | 15 | 136 | 142.50 | 0 | 0 |
Philosophy | 0 | 1 | 0 | 0 | 10 | 87 | 87.00 | 0 | 0 |
Fine Arts - Classical Music and Opera | 0 | 3 | 4 | 0 | 10 | 117 | 121.00 | 0 | 0 |
Science - Biology | 0 | 1 | 0 | 0 | 10 | 98 | 98.00 | 0 | 0 |
Literature - American Literature | 0 | 1 | 1 | 0 | 5 | 123 | 123.00 | 0 | 1 |
History - European History | 0 | 0 | 0 | 0 | 0 | 0.00 | 0 | 0 | |
Other Academic | 0 | 0 | 1 | 0 | -5 | 0.00 | 0 | 0 | |
Science - Physics | 0 | 0 | 1 | 0 | -5 | 0.00 | 0 | 0 | |
Beliefs | 0 | 0 | 1 | 0 | -5 | 0.00 | 0 | 0 |